000 00493nam a2200181 a 4500
005 20250618063842.0
008 991125s1977 mx 000 0 spa u
035 _aUPN01000000035
049 _aCG
050 4 _aF1220
_bS5.3
245 0 0 _a7 Ensayos sobre indigenismo /
_cNahmad Sitton ... [et al.].
260 _aMéxico :
_bINI,
_c1977.
300 _a119 p.
440 0 _aCuadernos de trabajo ;
_v6
650 4 _aIndígenas de México
_9457
700 1 _aSitton, Nahmad,
_ecoaut.
905 _aLibro
999 _c35
_d35